Química orgánica / (Record no. 36291)

MARC details
000 -LEADER
campo de control de longitud fija 00695nam a2200181 i 4500
001 - NÚMERO DE CONTROL
campo de control 36291
003 - IDENTIFICADOR DE NÚMERO DE CONTROL
campo de control ES-MaACL
007 - CAMPO FIJO DE DESCRIPCIÓN FÍSICA--INFORMACIÓN GENERAL
campo de control de longitud fija t|
008 - DATOS DE LONGITUD FIJA--INFORMACIÓN GENERAL
campo de control de longitud fija 030217s1950 ag ||||1| spa d
100 1# - ENTRADA PRINCIPAL--NOMBRE DE PERSONA
Nombre de persona Brewster, Ray Q.
9 (RLIN) 31655
245 10 - MENCIÓN DEL TÍTULO
Título Química orgánica /
Mención de responsabilidad, etc. por Ray Q. Brewester ; Versión al castellano por José L.M. Anthonisen ; revisado por Oscar L. Galmarini, Carlos M. Vega ; prólogo por Venancio Dulofeu.
260 ## - PUBLICACIÓN, DISTRIBUCIÓN, ETC.
Lugar de publicación, distribución, etc. Buenos Aires :
Nombre del editor, distribuidor, etc. Editorial Médico Quirúrgica,
Fecha de publicación, distribución, etc. 1950 (
Fabricante Didot)
300 ## - DESCRIPCIÓN FÍSICA
Extensión 2 t. :
Otras características físicas il. ;
Dimensiones 23 cm.
700 1# - ENTRADA AGREGADA--NOMBRE PERSONAL
Nombre de persona Anthonisen, José L.M.
9 (RLIN) 21882
700 1# - ENTRADA AGREGADA--NOMBRE PERSONAL
Nombre de persona Galmarini, Oscar L.
9 (RLIN) 53656
700 1# - ENTRADA AGREGADA--NOMBRE PERSONAL
Nombre de persona Deulofeu, Venancio.
9 (RLIN) 43976
852 ## - LOCALIZACIÓN
Ubicación ES-MaACL
Número de control de estantería E-2349-50
Sublocalización o colección R.31456
Holdings
Estatus retirado Estado de pérdida Estado de daño No para préstamo Biblioteca de origen Biblioteca actual Ubicación en estantería Fecha de adquisición Fuente de adquisición Total de préstamos Signatura topográfica completa Código de barras Visto por última vez Precio de reemplazo Tipo de ítem Koha
        Biblioteca del Ateneo de Madrid Biblioteca del Ateneo de Madrid Depósito 2 17/01/2008     E-2349-50 1038098 23/02/2023 23/02/2023 Libro impreso